[Event "Moratalaz op 25th"]
[Site "Madrid"]
[Date "2012.09.22"]
[Round "8"]
[White "Moreno Ruiz, Javier"]
[Black "Avendano Mateos, Ivan Jose"]
[Result "1-0"]
[WhiteElo "2492"]
[BlackElo "2014"]
[PlyCount "45"]
[EventDate "2012.09.15"]
[EventType "swiss"]
[EventRounds "9"]
[EventCountry "ESP"]
[SourceTitle "CBM 150 Extra"]
[Source "ChessBase"]
[SourceDate "2012.10.19"]
[SourceVersion "1"]
[SourceVersionDate "2012.10.19"]
[SourceQuality "1"]

1. d4 d5 2. c4 c6 3. Nc3 e6 4. e3 f5 5. Bd3 Nf6 6. Nge2 Bd6 7. Qc2 Ne4 8. 0-0 0-0 9. f3 Nxc3 10. bxc3 b6 11. Bd2 Ba6 12. cxd5 Bxd3 13. Qxd3 exd5 14. c4 Nd7 15. Rfc1 g6 16. cxd5 cxd5 17. Rc6 Nf6 18. Rac1 Qd7 19. Qa6 Rae8 20. a4 Nh5 21. Qb5 Nf6 22. Nc3 Bb8 23. Rxf6 1-0

[Event "Madrid Chamartin op 1st"]
[Site "Madrid"]
[Date "2012.09.13"]
[Round "7"]
[White "Serrano Salvador, Eduardo"]
[Black "Avendano Mateos, Ivan Jose"]
[Result "1-0"]
[WhiteElo "2319"]
[BlackElo "2014"]
[PlyCount "63"]
[EventDate "2012.09.09"]
[EventType "swiss"]
[EventRounds "9"]
[EventCountry "ESP"]
[SourceTitle "CBM 150 Extra"]
[Source "ChessBase"]
[SourceDate "2012.10.19"]
[SourceVersion "1"]
[SourceVersionDate "2012.10.19"]
[SourceQuality "1"]

1. d4 d5 2. c4 c6 3. Nf3 e6 4. e3 f5 5. Ne5 Nf6 6. Nc3 Bd6 7. f4 0-0 8. Be2 Nbd7 9. 0-0 Ne4 10. Nxe4 fxe4 11. Bd2 Nxe5 12. fxe5 Rxf1+ 13. Qxf1 Be7 14. Bh5 g6 15. Bg4 Bd7 16. Qf2 Qf8 17. Qg3 Qh6 18. Rc1 Rc8 19. a3 g5 20. Bb4 Bxb4 21. axb4 a6 22. b3 Qg6 23. Qh3 h6 24. Bh5 Qg7 25. Qg3 Be8 26. Bg4 Bd7 27. Rf1 Rf8 28. Rf6 Rxf6 29. exf6 Qf8 30. Qc7 Bc8 31. Bh5 e5 32. Qxe5 1-0

[Event "Madrid Oliver Gonzalez Memorial-B 3rd"]
[Site "Madrid"]
[Date "2012.09.02"]
[Round "2"]
[White "Dominguez Alfara, Miguel"]
[Black "Avendano Mateos, Ivan Jose"]
[Result "1/2-1/2"]
[WhiteElo "1828"]
[BlackElo "2014"]
[PlyCount "63"]
[EventDate "2012.09.01"]
[EventType "swiss"]
[EventRounds "9"]
[EventCountry "ESP"]
[SourceTitle "CBM 150 Extra"]
[Source "ChessBase"]
[SourceDate "2012.10.19"]
[SourceVersion "1"]
[SourceVersionDate "2012.10.19"]
[SourceQuality "1"]

1. d4 d5 2. Nf3 Nf6 3. e3 Bg4 4. Be2 e6 5. 0-0 Bd6 6. Nbd2 Nbd7 7. c4 c6 8. b3 0-0 9. Bb2 Rc8 10. Ne5 Bf5 11. Ndf3 h6 12. Nh4 Bh7 13. f4 Ne4 14. Qe1 Be7 15. Nhf3 a6 16. a4 Nd6 17. c5 Ne4 18. Bc3 Nxc3 19. Qxc3 Be4 20. b4 f6 21. Nxd7 Qxd7 22. b5 axb5 23. axb5 Bxf3 24. Rxf3 Ra8 25. b6 Rxa1+ 26. Qxa1 e5 27. fxe5 fxe5 28. Rxf8+ Bxf8 29. Qa7 exd4 30. exd4 Qe7 31. Kf2 Qh4+ 32. Kf1 1/2-1/2

[Event "Madrid Oliver Gonzalez Memorial 2nd"]
[Site "Madrid"]
[Date "2011.10.13"]
[Round "6"]
[White "Avendano Mateos, Ivan Jose"]
[Black "Sanchez Lopez, Maria"]
[Result "1-0"]
[WhiteElo "2002"]
[BlackElo "1711"]
[PlyCount "61"]
[EventDate "2011.10.08"]
[EventType "swiss"]
[EventRounds "9"]
[EventCountry "ESP"]
[SourceTitle "CBM 144 Extra"]
[Source "ChessBase"]
[SourceDate "2011.10.28"]
[SourceVersion "1"]
[SourceVersionDate "2011.10.28"]
[SourceQuality "1"]

1. d4 Nf6 2. Bg5 Ne4 3. Bh4 g5 4. Bg3 h5 5. f3 Nxg3 6. hxg3 c5 7. dxc5 Qc7 8. Qd4 Qxg3+ 9. Kd1 Rg8 10. Rxh5 Bh6 11. Rxh6 Nc6 12. Rh8 Kf8 13. Rxg8+ Kxg8 14. Qe3 f5 15. Nh3 f4 16. Qf2 Qh2 17. Nxg5 d5 18. cxd6 Bf5 19. Nc3 Rd8 20. Nge4 exd6 21. g4 fxg3 22. Qxg3+ Qxg3 23. Nxg3 Bg6 24. Bh3 Nd4 25. Rc1 Kg7 26. Bg4 Rf8 27. Nd5 Bf7 28. Ne3 Bxa2 29. Nef5+ Nxf5 30. Nxf5+ Kf6 31. b3 1-0

[Event "Moratalaz op 24th"]
[Site "Madrid"]
[Date "2011.09.16"]
[Round "2"]
[White "Almagro Llamas, Pablo"]
[Black "Avendano Mateos, Ivan Jose"]
[Result "1-0"]
[WhiteElo "2466"]
[BlackElo "2002"]
[PlyCount "41"]
[EventDate "2011.09.15"]
[EventType "swiss"]
[EventRounds "9"]
[EventCountry "ESP"]
[SourceTitle "CBM 144 Extra"]
[Source "ChessBase"]
[SourceDate "2011.10.28"]
[SourceVersion "1"]
[SourceVersionDate "2011.10.28"]
[SourceQuality "1"]

1. e4 c5 2. Nf3 d6 3. d4 cxd4 4. Nxd4 a6 5. c4 Nc6 6. Nc3 g6 7. Be3 Bg7 8. Be2 Nf6 9. 0-0 0-0 10. Rc1 Bd7 11. Nc2 Rc8 12. h3 Ne5 13. b3 Bc6 14. f4 Ned7 15. Bf3 Nc5 16. Bxc5 dxc5 17. e5 Nd7 18. Bxc6 Rxc6 19. Qf3 Qc8 20. Rcd1 f5 21. Qd5+ 1-0

[Event "Madrid Oliver Gonzalez Memorial 1st"]
[Site "Madrid"]
[Date "2010.10.16"]
[Round "8"]
[White "Avendano Mateos, Ivan Jose"]
[Black "Fernandez Gil, Ruben Carlos"]
[Result "1-0"]
[WhiteElo "1992"]
[BlackElo "1719"]
[PlyCount "75"]
[EventDate "2010.10.09"]
[EventType "swiss"]
[EventRounds "9"]
[EventCountry "ESP"]
[SourceTitle "CBM 138 Extra"]
[Source "ChessBase"]
[SourceDate "2010.10.29"]
[SourceVersion "1"]
[SourceVersionDate "2010.10.29"]
[SourceQuality "1"]

1. d4 Nf6 2. Bg5 e6 3. Nf3 c5 4. c3 h6 5. Bh4 d5 6. e3 Nc6 7. Bd3 Be7 8. 0-0 0-0 9. Nbd2 a6 10. Rc1 b5 11. Bb1 Nd7 12. Bg3 Nb6 13. dxc5 Bxc5 14. e4 Bb7 15. Nb3 Be7 16. e5 Nc4 17. Qc2 g6 18. Nbd4 Nxd4 19. Nxd4 Bg5 20. Nxe6 Qe7 21. Nxf8 Rxf8 22. Rcd1 Rd8 23. Rd4 Bc8 24. h4 Bf5 25. Qe2 Bxb1 26. Rxb1 Bd2 27. Rxd2 Nxd2 28. Qxd2 h5 29. f4 Qe6 30. Rd1 Kh7 31. Bf2 Qc6 32. Bd4 Qe6 33. Rf1 Qg4 34. Qf2 Qf5 35. Qf3 Kg8 36. Qg3 Re8 37. Qg5 Qe4 38. f5 1-0

[Event "Madrid Oliver Gonzalez Memorial 1st"]
[Site "Madrid"]
[Date "2010.10.11"]
[Round "3"]
[White "Avendano Mateos, Ivan Jose"]
[Black "Hernandez Mateo, Borja"]
[Result "1-0"]
[WhiteElo "1992"]
[BlackElo "1617"]
[PlyCount "97"]
[EventDate "2010.10.09"]
[EventType "swiss"]
[EventRounds "9"]
[EventCountry "ESP"]
[SourceTitle "CBM 138 Extra"]
[Source "ChessBase"]
[SourceDate "2010.10.29"]
[SourceVersion "1"]
[SourceVersionDate "2010.10.29"]
[SourceQuality "1"]

1. d4 f5 2. e4 fxe4 3. Nc3 Nf6 4. Bg5 d5 5. Bxf6 exf6 6. Qh5+ g6 7. Qxd5 Be7 8. Qxd8+ Bxd8 9. Nxe4 0-0 10. Bc4+ Kg7 11. 0-0-0 Re8 12. Nc3 c6 13. h3 Bc7 14. g3 b5 15. Nxb5 cxb5 16. Bd5 Bd7 17. Bxa8 Nc6 18. Bxc6 Bxc6 19. d5 Bb7 20. Nf3 Rd8 21. Rhe1 Bd6 22. Nd4 Rd7 23. Nxb5 Bc5 24. Re2 Rxd5 25. Rxd5 Bxd5 26. Nc3 Bf3 27. Rd2 Kf7 28. Nd5 Ke6 29. c4 a5 30. a3 Bf8 31. b4 axb4 32. axb4 Bxd5 33. Rxd5 Bxb4 34. Kd1 h5 35. Ke2 g5 36. f4 gxf4 37. gxf4 f5 38. Rb5 Bd6 39. Rb6 Kd7 40. Rxd6+ Kxd6 41. h4 Kc5 42. Kd3 Kc6 43. Kd4 Kd6 44. c5+ Ke6 45. Kc4 Kd7 46. Kd5 Kc7 47. Ke5 Kc6 48. Kxf5 Kxc5 49. Ke6 1-0

[Event "Collado Villalba op-B 26th"]
[Site "Collado Villalba"]
[Date "2009.08.22"]
[Round "2"]
[White "Avendano Mateos, Ivan Jose"]
[Black "Vaquerizo Calvo, Miguel Arturo"]
[Result "1-0"]
[WhiteElo "1925"]
[BlackElo "1713"]
[PlyCount "59"]
[EventDate "2009.08.21"]
[EventType "swiss"]
[EventRounds "9"]
[EventCountry "ESP"]
[SourceTitle "EXT 2011"]
[Source "ChessBase"]
[SourceDate "2010.11.26"]
[SourceVersion "1"]
[SourceVersionDate "2010.11.26"]
[SourceQuality "1"]

1. d4 Nf6 2. Nf3 e6 3. Bg5 d5 4. e3 Be7 5. Nbd2 0-0 6. Bd3 Nbd7 7. 0-0 c5 8. c3 a6 9. Rc1 c4 10. Bb1 b5 11. Qc2 g6 12. e4 dxe4 13. Nxe4 Nxe4 14. Qxe4 Rb8 15. Bh6 Bb7 16. Qe3 Re8 17. Ng5 Bxg5 18. Bxg5 Qc7 19. Bf4 Qc6 20. f3 e5 21. dxe5 Qc5 22. Qxc5 Nxc5 23. Rfd1 Ne6 24. Be3 g5 25. Kf2 Nf4 26. Bd4 h5 27. Bf5 h4 28. g3 Nh5 29. gxh4 gxh4 30. Rg1+ 1-0

[Event "Madrid Low cost Cup"]
[Site "Madrid"]
[Date "2009.08.06"]
[Round "4"]
[White "Avendano Mateos, Ivan Jose"]
[Black "Rodriguez de Castro, Ayar"]
[Result "0-1"]
[WhiteElo "1925"]
[BlackElo "2084"]
[PlyCount "58"]
[EventDate "2009.08.03"]
[EventType "swiss"]
[EventRounds "8"]
[EventCountry "ESP"]
[SourceTitle "CBM 131 Extra"]
[Source "ChessBase"]
[SourceDate "2009.09.03"]
[SourceVersion "2"]
[SourceVersionDate "2009.09.16"]
[SourceQuality "1"]

1. d4 d5 2. Nf3 Nf6 3. Bf4 e6 4. e3 c5 5. c3 Nc6 6. h3 Bd6 7. Bxd6 Qxd6 8. Bd3 0-0 9. 0-0 e5 10. dxe5 Nxe5 11. Nxe5 Qxe5 12. Nd2 Rd8 13. Nf3 Qh5 14. Be2 a5 15. c4 Qg6 16. Kh2 Be6 17. cxd5 Bxd5 18. Qa4 Bc6 19. Qc4 Rd2 20. Nh4 Qe4 21. Rab1 Rxe2 22. Qxe2 Qxh4 23. Rfd1 Ne4 24. g3 Qh6 25. f4 Re8 26. Rbc1 Qe6 27. b3 h5 28. Rg1 Qd5 29. Rcd1 Nc3 0-1

[Event "Galapagar op 10th"]
[Site "Galapagar"]
[Date "2009.07.21"]
[Round "4"]
[White "Avendano Mateos, Ivan Jose"]
[Black "Pascual Palomo, Lucia"]
[Result "1-0"]
[WhiteElo "1925"]
[BlackElo "2116"]
[PlyCount "89"]
[EventDate "2009.07.18"]
[EventType "swiss"]
[EventRounds "9"]
[EventCountry "ESP"]
[SourceTitle "EXT 2010"]
[Source "ChessBase"]
[SourceDate "2010.11.25"]
[SourceVersion "1"]
[SourceVersionDate "2010.11.25"]
[SourceQuality "1"]

1. d4 f5 2. e4 fxe4 3. Nc3 Nf6 4. Bg5 c6 5. Bxf6 exf6 6. Nxe4 d5 7. Ng3 Bd6 8. Bd3 g6 9. Qf3 Na6 10. c3 Be6 11. N1e2 Qd7 12. 0-0-0 b5 13. Nf4 Nc7 14. Rhe1 0-0 15. Nxe6 Nxe6 16. Qg4 Kf7 17. Re2 Bxg3 18. hxg3 f5 19. Qh3 Kg8 20. Rde1 Rf6 21. g4 Qd6 22. g3 f4 23. Rh1 Nf8 24. g5 Rf7 25. Re5 b4 26. c4 a5 27. c5 Qc7 28. Rhe1 Qc8 29. Qh4 fxg3 30. Qxg3 Nd7 31. Re6 Nf8 32. Rd6 Raa7 33. f4 Rad7 34. Qg4 Qc7 35. Rf6 Rxf6 36. gxf6 Rf7 37. Qg5 Qd8 38. Re7 h6 39. Qh4 Rh7 40. Rg7+ Kh8 41. f7 Rxg7 42. Qxd8 Rxf7 43. Qd6 Kg7 44. Qxc6 Rxf4 45. Qd6 1-0

[Event "Madrid Villaverde op 11th"]
[Site "Madrid"]
[Date "2009.06.29"]
[Round "1"]
[White "Avendano Mateos, Ivan Jose"]
[Black "Pastor Alonso de Prado, Emilio Alberto"]
[Result "1/2-1/2"]
[WhiteElo "1889"]
[BlackElo "2145"]
[PlyCount "87"]
[EventDate "2009.06.29"]
[EventType "swiss"]
[EventRounds "9"]
[EventCountry "ESP"]
[SourceTitle "EXT 2010"]
[Source "ChessBase"]
[SourceDate "2010.11.25"]
[SourceVersion "1"]
[SourceVersionDate "2010.11.25"]
[SourceQuality "1"]

1. c4 c6 2. d4 d5 3. Nc3 Nf6 4. Bf4 Qb6 5. Qd2 Bf5 6. c5 Qb4 7. a3 Qb3 8. e3 Nbd7 9. Nf3 b6 10. cxb6 axb6 11. Be2 Ne4 12. Nxe4 Bxe4 13. 0-0 Bxf3 14. gxf3 e6 15. Rac1 c5 16. Rc3 Qa4 17. Rfc1 Be7 18. Bd1 Qa7 19. Kh1 0-0 20. Be2 c4 21. Rg1 b5 22. Rcc1 Bf6 23. Bd6 Rfe8 24. f4 Qb6 25. Bb4 Be7 26. Bc3 f5 27. Rg2 Nf6 28. Rcg1 Bf8 29. f3 g6 30. Bd1 b4 31. axb4 Reb8 32. Qf2 Kf7 33. Bc2 Bxb4 34. Qh4 Qd8 35. e4 Bxc3 36. bxc3 Nh5 37. Rg5 Rb2 38. Bb1 Rab8 39. Rxh5 Qxh4 40. Rxh4 Rxb1 41. Rxh7+ Kf8 42. Rh8+ Kg7 43. Rxb8 Rxb8 44. Re1 1/2-1/2

[Event "Tres Cantos op 1st"]
[Site "Tres Cantos"]
[Date "2009.06.10"]
[Round "5"]
[White "Avendano Mateos, Ivan Jose"]
[Black "Munoz Munoz, Pablo"]
[Result "1-0"]
[WhiteElo "1889"]
[BlackElo "2016"]
[PlyCount "161"]
[EventDate "2009.06.06"]
[EventType "swiss"]
[EventRounds "9"]
[EventCountry "ESP"]
[SourceTitle "EXT 2010"]
[Source "ChessBase"]
[SourceDate "2010.11.25"]
[SourceVersion "1"]
[SourceVersionDate "2010.11.25"]
[SourceQuality "1"]

1. c4 Nf6 2. Nc3 g6 3. g3 Bg7 4. Bg2 0-0 5. e4 d6 6. Nge2 e5 7. 0-0 Nc6 8. Rb1 Nd4 9. d3 c6 10. Nxd4 exd4 11. Ne2 Ng4 12. h3 Nh6 13. Nxd4 f5 14. Ne2 Nf7 15. b3 Ne5 16. f4 Qb6+ 17. Kh2 Nf7 18. Rf3 Bd7 19. Be3 Qa5 20. Qc2 Rae8 21. b4 Qc7 22. Rf2 a5 23. c5 fxe4 24. dxe4 d5 25. bxa5 dxe4 26. Rb6 Be6 27. Qb1 Bd5 28. Qb4 Ra8 29. Nc3 Ra7 30. Nxe4 Rfa8 31. Nc3 Bxg2 32. Rxg2 Nd8 33. a6 Rxa6 34. Rxa6 Rxa6 35. Ne4 Qf7 36. a4 Ra8 37. Nd6 Qe7 38. Bd4 Nf7 39. Bxg7 Kxg7 40. a5 Rb8 41. a6 b5 42. Ra2 Qe6 43. Qb2+ Kf8 44. Nxf7 Kxf7 45. a7 Ra8 46. Qa3 Qe7 47. Qa6 Qd8 48. Qb6 Qc8 49. Rd2 b4 50. Rd6 Qe8 51. Rd2 Qe7 52. Qxb4 Rxa7 53. Qc4+ Kg7 54. Qd4+ Kf7 55. Qh8 Qxc5 56. Qxh7+ Kf6 57. Qh8+ Kf7 58. Re2 Qc4 59. Qe8+ Kg7 60. Qe5+ Kf7 61. f5 gxf5 62. Qxf5+ Kg7 63. Qg5+ Kf7 64. Rf2+ Ke8 65. Qe3+ Re7 66. Qf3 Kd7 67. h4 Kc7 68. Qf4+ Qxf4 69. Rxf4 c5 70. h5 Kb6 71. g4 Kb5 72. h6 c4 73. Rf2 c3 74. Rc2 Kc4 75. Kh3 Kd3 76. Rc1 Kd2 77. Ra1 c2 78. Kh4 c1Q 79. Rxc1 Kxc1 80. g5 Kd2 81. g6 1-0

[Event "Tres Cantos op 1st"]
[Site "Tres Cantos"]
[Date "2009.06.06"]
[Round "1"]
[White "Hernandez Mateo, Borja"]
[Black "Avendano Mateos, Ivan Jose"]
[Result "0-1"]
[WhiteElo "1549"]
[BlackElo "1889"]
[PlyCount "74"]
[EventDate "2009.06.06"]
[EventType "swiss"]
[EventRounds "9"]
[EventCountry "ESP"]
[SourceTitle "EXT 2010"]
[Source "ChessBase"]
[SourceDate "2010.11.25"]
[SourceVersion "1"]
[SourceVersionDate "2010.11.25"]
[SourceQuality "1"]

1. e4 c6 2. d4 d5 3. exd5 cxd5 4. Nf3 Nf6 5. Bd3 Bg4 6. 0-0 e6 7. Bf4 Nc6 8. c3 Bd6 9. Bxd6 Qxd6 10. Re1 0-0 11. Nbd2 Rac8 12. Qc2 Nb4 13. Qb1 Nxd3 14. Qxd3 Bf5 15. Qe2 h6 16. Nb3 Ne4 17. Ne5 a6 18. f3 Nf6 19. Rac1 Nd7 20. Nxd7 Qxd7 21. Nc5 Qc6 22. Qe3 Qb5 23. b3 a5 24. a4 Qc6 25. Kh1 Rc7 26. Qd2 b6 27. Nd3 Rfc8 28. Ne5 Qd6 29. Re3 Qa3 30. g4 Bh7 31. Qd1 f6 32. Nd3 Rxc3 33. Rxc3 Rxc3 34. Qd2 Rxb3 35. Rxe6 Rxd3 36. Qc2 Qc3 37. Qe2 Qc1+ 0-1

[Event "Madrid CDV op 2nd"]
[Site "Madrid"]
[Date "2009.02.14"]
[Round "2"]
[White "Fernandez Bonilla, Miguel Arcangel"]
[Black "Avendano Mateos, Ivan Jose"]
[Result "1/2-1/2"]
[WhiteElo "1661"]
[BlackElo "1905"]
[PlyCount "95"]
[EventDate "2009.02.13"]
[EventType "swiss"]
[EventRounds "7"]
[EventCountry "ESP"]
[SourceTitle "CBM 129 Extra"]
[Source "ChessBase"]
[SourceDate "2009.05.05"]
[SourceVersion "2"]
[SourceVersionDate "2009.05.20"]
[SourceQuality "1"]

1. e4 c6 2. d4 d5 3. Nc3 dxe4 4. Nxe4 Nd7 5. Nf3 Ngf6 6. Bd3 Nxe4 7. Bxe4 Nf6 8. Bd3 Bg4 9. Be2 e6 10. 0-0 Bd6 11. c3 Qc7 12. Ne5 h5 13. f4 Bf5 14. Nc4 g6 15. Nxd6+ Qxd6 16. Be3 Ng4 17. Qd2 Rd8 18. Rad1 b6 19. Qc1 0-0 20. Bf3 a5 21. a4 Rd7 22. Bf2 Nxf2 23. Rxf2 Rb8 24. Qe3 b5 25. axb5 Rxb5 26. h3 h4 27. Be4 Rdb7 28. Bxf5 Rxf5 29. Qf3 a4 30. Ra1 Ra7 31. Qg4 Qe7 32. Qf3 Qc7 33. Qg4 Rh5 34. Re2 Raa5 35. Rae1 Rhf5 36. Re5 Raxe5 37. Rxe5 c5 38. Rxf5 exf5 39. Qd1 Qb6 40. Qxa4 Qxb2 41. Qe8+ Kg7 42. Qe5+ f6 43. Qxc5 Qc1+ 44. Kh2 Qxf4+ 45. Kg1 Qe3+ 46. Kh2 f4 47. Qc7+ Kh6 48. d5 1/2-1/2

[Event "Madrid-ch Previa-B"]
[Site "Madrid"]
[Date "2008.11.15"]
[Round "5"]
[White "Marcos Herrero, Francisco"]
[Black "Avendano Mateos, Ivan Jose"]
[Result "0-1"]
[WhiteElo "1854"]
[BlackElo "1894"]
[PlyCount "62"]
[EventDate "2008.11.06"]
[EventType "swiss"]
[EventRounds "9"]
[EventCountry "ESP"]
[SourceTitle "CBM 127 Extra"]
[Source "ChessBase"]
[SourceDate "2009.01.08"]
[SourceVersion "2"]
[SourceVersionDate "2009.01.28"]
[SourceQuality "1"]

1. e4 c6 2. d3 e5 3. Qe2 d6 4. Nc3 f5 5. f4 fxe4 6. dxe4 Nf6 7. Bd2 Be6 8. f5 Bf7 9. 0-0-0 Nbd7 10. g4 h6 11. Nf3 Nxg4 12. Rg1 Ngf6 13. Qg2 Qc7 14. Nh4 0-0-0 15. Ng6 Bxg6 16. Qxg6 Nb6 17. Be3 Kb8 18. Bg2 Nc4 19. Bf2 h5 20. Bh4 Ne3 21. Rd3 Rh6 22. Qg3 Nc4 23. Rgd1 Qa5 24. Bg5 Rh8 25. Kb1 Be7 26. Bf3 Qc7 27. Qf2 Ng4 28. Bxg4 Bxg5 29. Bf3 Bf6 30. Rg1 Rd7 31. Qe2 Qb6 0-1

[Event "Madrid-ch Previa-B"]
[Site "Madrid"]
[Date "2008.11.08"]
[Round "3"]
[White "Cabanas Bravo, Juan Andres"]
[Black "Avendano Mateos, Ivan Jose"]
[Result "1-0"]
[WhiteElo "2036"]
[BlackElo "1894"]
[PlyCount "97"]
[EventDate "2008.11.06"]
[EventType "swiss"]
[EventRounds "9"]
[EventCountry "ESP"]
[SourceTitle "CBM 127 Extra"]
[Source "ChessBase"]
[SourceDate "2009.01.08"]
[SourceVersion "2"]
[SourceVersionDate "2009.01.28"]
[SourceQuality "1"]

1. e4 c6 2. Nc3 d5 3. Qf3 e6 4. Qg3 d4 5. Nd1 c5 6. Bc4 Nc6 7. a3 Qd6 8. f4 g6 9. Nf3 a6 10. Nf2 Bd7 11. Ng5 Nh6 12. e5 Qc7 13. Ng4 0-0-0 14. Nf6 Nf5 15. Qf3 Nxe5 16. fxe5 Qxe5+ 17. Nfe4 Nd6 18. d3 f5 19. Bf4 fxe4 20. Bxe5 exf3 21. Bxh8 fxg2 22. Rg1 Be7 23. Rxg2 Nxc4 24. Bxd4 Nxa3 25. Be3 Nb5 26. Nxh7 e5 27. Rxg6 Bh4+ 28. Kd2 Rh8 29. Rh6 Be7 30. Rf1 Nd4 31. Nf8 Rxf8 32. Rxf8+ Bxf8 33. Rh8 Nf3+ 34. Kc3 Nxh2 35. Bxc5 Kc7 36. Bxf8 Nf3 37. Rh6 Bc6 38. Bc5 Kd7 39. Rd6+ Kc7 40. Rf6 Kd7 41. Be3 Ne1 42. Kd2 Ng2 43. Bg5 a5 44. Ke2 Nf4+ 45. Bxf4 exf4 46. Rxf4 Kd6 47. Rg4 b5 48. Ke3 Bd7 49. Rg5 1-0

[Event "Parla 25 Jubilee op"]
[Site "Parla"]
[Date "2008.09.07"]
[Round "2"]
[White "Avendano Mateos, Ivan Jose"]
[Black "Rios Barba, Faustino"]
[Result "1-0"]
[WhiteElo "1909"]
[BlackElo "1559"]
[PlyCount "39"]
[EventDate "2008.09.06"]
[EventType "swiss"]
[EventRounds "9"]
[EventCountry "ESP"]
[SourceTitle "CBM 126 Extra"]
[Source "ChessBase"]
[SourceDate "2008.11.05"]
[SourceVersion "1"]
[SourceVersionDate "2008.11.05"]
[SourceQuality "1"]

1. d4 d5 2. Nf3 Nf6 3. Bg5 e6 4. e3 Be7 5. Bd3 Nbd7 6. 0-0 c5 7. c4 cxd4 8. exd4 dxc4 9. Bxc4 0-0 10. Nc3 a6 11. Qe2 b5 12. Bb3 Bb7 13. Rad1 Nb6 14. Rfe1 Re8 15. Ne5 Nfd5 16. Bc1 Rc8 17. Rd3 Rc7 18. Rh3 Nf6 19. Nxf7 Kxf7 20. Qxe6+ 1-0

[Event "Galapagar op 09th"]
[Site "Galapagar"]
[Date "2008.07.24"]
[Round "6"]
[White "Paarup, Torsten"]
[Black "Avendano Mateos, Ivan Jose"]
[Result "1-0"]
[WhiteElo "2046"]
[BlackElo "1909"]
[PlyCount "63"]
[EventDate "2008.07.19"]
[EventType "swiss"]
[EventRounds "9"]
[EventCountry "ESP"]
[SourceTitle "EXT 2009"]
[Source "ChessBase"]
[SourceDate "2008.11.26"]
[SourceVersion "1"]
[SourceVersionDate "2008.11.26"]
[SourceQuality "1"]

1. e4 c6 2. d4 d5 3. e5 Bf5 4. h4 h5 5. c4 e6 6. Nc3 Nd7 7. cxd5 cxd5 8. Bd3 Bxd3 9. Qxd3 a6 10. Nf3 Nh6 11. Bg5 Be7 12. 0-0 Nf5 13. g3 0-0 14. Ne2 b5 15. Nf4 g6 16. Ng2 Rc8 17. Ne3 Re8 18. Nxf5 exf5 19. a4 Bxg5 20. Nxg5 Qb6 21. axb5 axb5 22. b3 Rc6 23. Rfc1 Rec8 24. Rxc6 Rxc6 25. Ra8+ Kg7 26. Qd2 b4 27. Re8 Qa7 28. Re7 Qa1+ 29. Kg2 Nf8 30. Rxf7+ Kg8 31. Qxb4 Qa8 32. Qe7 1-0